00989nam a22001937a 4500003000400000005001700004008004100021020001500062040000700077100002800084245014200112260005800254300001600312490003300328500005400361504002900415505032800444650002300772OSt20181206111809.0180313b xxu||||| |||| 00| 0 spa d a8425908558 cPJ aNavarro, Pablo Eugenio 13aLa eficacia del derecho :buna investigación sobre la existencia y funcionamiento de los sistemas jurídicos /cPablo Eugenio Navarro. aMadrid :bCentro de Estudios Constitucionales,c1990. a99 p.c21cm aEl derecho y la Justiciav16 aCitas y notas bibliográficas a pie de página. aBibliografía: p. 97-99 aContenido: I. Eficacia y normas jurídicas -- II. Imperativo jurídico y concepción expresiva de las normas -- III. Actitudes normativas y sistemas jurídicos -- IV. Eficacia, tiempo y correspondencia -- V. Principio de eficacia y existencia de los sistemas jurídicos -- VI. Eficacia y funcionamiento del derecho.  aDERECHO EN GENERAL